Caracterización ecológica del transecto río Cusiana, Vertiente Oriental de los Andes, Boyacá, Colombia (Registro nro. 15918)

Detalles MARC
000 -CABECERA
Campo de control 005480000a22001690004500
090 ## - CLASIFICACIÓN LOCAL
Colección AS
Consecutivo Seriadas
041 0# - IDIOMA
Código de idioma para texto/pista de sonido o título separado
100 1# - ASIENTO PRINCIPAL--NOMBRE PERSONAL
Nombre personal Gast, Fernando
245 10 - MENCION DE TITULO
Título Caracterización ecológica del transecto río Cusiana, Vertiente Oriental de los Andes, Boyacá, Colombia
700 1# - ASIENTO SECUNDARIO - NOMBRE PERSONAL
Nombre personal Repizzo, Augusto
700 1# - ASIENTO SECUNDARIO - NOMBRE PERSONAL
Nombre personal Bohórquez, Clara Isabel
700 1# - ASIENTO SECUNDARIO - NOMBRE PERSONAL
Nombre personal Escobar S., Federico
700 1# - ASIENTO SECUNDARIO - NOMBRE PERSONAL
Nombre personal Mendoza, Humberto
700 1# - ASIENTO SECUNDARIO - NOMBRE PERSONAL
Nombre personal Villareal, Hector
773 1# - Item fuente:
Título Biosintesis
Descripción física 4
Paginas del Articulo 1-4
Lugar, editorial y fecha de publicación 1998
942 ## - ELEMENTOS ADICIONALES (KOHA)
Tipo de ítem Artículo

No hay ítems disponibles.